076_ Personnalités nées un 17 mars par images - Statistiques

Statistiques générales
  • Ce quiz a été pris 28 fois
  • Le résultat moyen est 3 sur 9
Statistiques - réponses
Par images Hint Réponse % Correct
Acteur José Garcia
85%
Chanteur Jérémy Frérot
70%
Nageuse Katie Ledecky
33%
Chanteur Daniel Lavoie
26%
Acteur John Boyega
15%
Acteur Kurt Russell
15%
Humoriste Aymeric Lompret
11%
Skieur Edgar Grospiron
7%
Politicienne Manon Roland
0%
Aucun quiz correspondant
Distribution des résultats
% des personnes avec chaque résultat
Percentile par nombre de réponses
Votre historique - résultats
Vous n’avez pas pris ce quiz